00557nam a2200181Ia 450000500170000000800410001702000140005808200150007210000150008724500650010226000470016730000170021465000120023165000140024394200060025795200970026399900150036020240820054617.0240331s9999 xx 000 0 und d a826318827 bSHEa498.2 aSherzer, J 0aVerble art in San Blas :bKuna culture through its discourse aNew YorkbCambridge University Pressc1990 ax. 281 p ., aHistory aCriticism cL 001040708LaWERCLbWERCLcSSCd2024-03-31l0o 498.2 SHEp5996r2024-03-31w2024-03-31yL c4434d4434